|
|
|
|
| LEADER |
00880nam a2200241 a 4500 |
| 001 |
GR-MES4514 |
| 008 |
991111s1993 gr 000 0 gre d |
| 020 |
|
|
|a 9604054457
|
| 040 |
|
|
|a GrPaTEI
|b gre
|c GR-PaULI
|
| 245 |
0 |
0 |
|a Αντοχή των υλικών.
|
| 260 |
|
|
|a Αθήνα :
|b Ιων,
|c 1993
|
| 300 |
|
|
|a 342σελ. :
|b διαγρ.
|
| 500 |
|
|
|a βιβλιογραφία:σελ(341-342)
|
| 650 |
|
4 |
|a ΕΦΑΡΜΟΣΜΕΝΗ ΜΗΧΑΝΙΚΗ
|
| 650 |
|
4 |
|a Μηχανική
|
| 650 |
|
4 |
|a Τεχνολογία
|
| 650 |
|
4 |
|a Υλικά
|
| 700 |
1 |
|
|a Βελαώρας, Ι.
|
| 710 |
0 |
|
|a Ιων
|
| 942 |
|
|
|2 ddc
|
| 952 |
|
|
|0 0
|1 0
|2 ddc
|4 0
|6 692_500000000000000_ΒΕΛ
|7 0
|9 269154
|a MSLG
|b MSLG
|c BSC
|d 2021-01-17
|e 24
|f 0
|g 0.00
|l 0
|o 692.5 ΒΕΛ
|p 2420000007164
|r 2021-01-17 00:00:00
|t 1
|w 2021-01-17
|y BK15
|x 19991111 0 1
|x GrPaTEI
|
| 971 |
|
|
|a .b25755602
|b 15-04-20
|c 13-09-16
|
| 999 |
|
|
|c 155223
|d 155223
|